000 00715nam a2200253 i 4500
001 C2-0122064
003 PPAK
005 20180727113514.0
008 970819s1987 my a|||| ||||| | may d
020 _a9679781305
040 _aPPAK
_beng
_cPPAK
_erda
082 0 4 _a959.5123
_223
090 0 0 _a959.5123
_bZUR
_dK
100 0 _aZurina Ismail,
_eauthor
245 1 0 _aPerak :
_bDarul Ridhwan
264 1 _aPetaling Jaya, Selangor :
_bPelanduk ,
_c1987
300 _a[n.p.] :
_billustrations ;
_c20 cm
336 _2rdacontent
_atext
337 _2rdamedia
_aunmediated
338 _2rdacarrier
_avolume
490 1 _aSiri sejarah ringkas tanahair
830 0 _aSiri sejarah ringkas tanahair
942 _ddc
_cB
999 _c34930
_d34930